Bases in Banach spaces. I /
Guardado en:
| Autor Principal: | |
|---|---|
| Formato: | Libro |
| Idioma: | English |
| Publicado: |
Berlin :
Springer-Verlag,
1970.
|
| Series: | Die Grundlehren der mathematischen Wissenschaften in Einzeldarstellungen mit besonderer Berücksichtigung der Anwendungsgebiete ;
Bd. 154 |
| Etiquetas: |
Agregar Etiqueta
Sin Etiquetas, Sea el primero en etiquetar este registro!
|
| LEADER | 00808cam a22001935 4500 | ||
|---|---|---|---|
| 001 | MAT.inmabb001853 | ||
| 008 | 700916s1970####gw#######b####001#0#eng#d | ||
| 005 | 20170615114554.0 | ||
| 245 | 1 | 0 | |a Bases in Banach spaces. |n I / |c Ivan Singer. |
| 260 | |a Berlin : |b Springer-Verlag, |c 1970. | ||
| 300 | |a viii, 668 p. ; |c 24 cm. | ||
| 440 | 4 | |a Die Grundlehren der mathematischen Wissenschaften in Einzeldarstellungen mit besonderer Berücksichtigung der Anwendungsgebiete ; |v Bd. 154 | |
| 504 | |a Bibliografía: p. [646]-658. | ||
| 505 | 0 | |a Chapter I. The basis problem. Some properties of bases in Banach spaces -- Chapter II. Special classes of bases in Banach spaces. | |
| 510 | 4 | |a MR, |c 45 #7451 | |
| 100 | 1 | |a Singer, Ivan. | |
| 084 | |a 46B15 |2 MR | ||
| 010 | |a 75099014 | ||
| 859 | |h 46 |i Si617 |p A-3315 |v 1 |3 Vol. I |b BIB. MATEMATICA | ||
